[Event "13. Golden Prague Open"]
[Site "Praha"]
[Date "2017.07.01"]
[Round "1.1"]
[White "Drahorad, Daniel"]
[Black "Anaskin, Arsenij"]
[Result "0-1"]
[WhiteElo "1995"]
[BlackElo "2216"]
[Annotator ""]
[Source ""]
[Remark ""]

1.e4 d6 2.Nc3 Nf6 3.f4 e5 4.Nf3 Nbd7 5.Bc4 Be7 6.Bxf7+ Kxf7 7.Ng5+
Kg8 8.Ne6 Qe8 9.Nxc7 Qg6 10.O-O Rb8 11.d4 h6 12.N3d5 Nxd5 13.Nxd5
Bd8 14.dxe5 dxe5 15.f5 Qf7 16.Be3 b6 17.c4 Kh7 18.Rf3 Nf6 19.Qc2
Ng4 20.Bd2 Be7 21.b4 a5 22.a3 Ba6 23.Rg3 Nf6 24.b5 Bc5+ 25.Kh1
Bb7 26.Rg6 Bxd5 27.cxd5 Rbc8 28.Qd3 Bd4 29.Re1 h5 30.Qh3 Kg8
31.Qb3 Qc7 32.d6+ Qc4 33.d7 Nxd7 34.Qg3 Qf7 35.f6 Nxf6 36.Rf1
Rf8 37.Rfxf6 Qxf6 38.Rxf6 Rxf6 39.Qb3+ Kh7 40.h3 Rf1+ 41.Kh2
Bg1+ 42.Kg3 Bf2+ 43.Kf3 Bh4+ 44.Ke3 Rhf8 45.Qd5 Bg5+ 0-1

[Event "13. Golden Prague Open"]
[Site "Praha"]
[Date "2017.07.01"]
[Round "1.2"]
[White "Haba, Zdenek"]
[Black "Koper, Stefan"]
[Result "1-0"]
[WhiteElo "2177"]
[BlackElo "1931"]
[Annotator ""]
[Source ""]
[Remark ""]

1.d4 Nf6 2.c4 e6 3.g3 d5 4.Bg2 Bb4+ 5.Bd2 c5 6.Bxb4 cxb4 7.Nd2
O-O 8.Ngf3 Nc6 9.Qc2 h6 10.O-O a5 11.Rfd1 a4 12.e4 dxc4 13.Nxc4
b5 14.Ne3 Na5 15.d5 exd5 16.e5 b3 17.Qd3 Ne4 18.Nxd5 Bf5 19.Qxb5
Qe8 20.Qxe8 Raxe8 21.axb3 Nxb3 22.Rxa4 Nec5 23.Rc4 Bd3 24.Rc3
Be2 25.Re1 Bxf3 26.Bxf3 Rb8 27.Ne7+ Kh8 28.Nc6 Rb6 29.Bd5 Rc8
30.Ree3 Rc7 31.Nd8 Kg8 32.Bxb3 Nxb3 33.Rxc7 Nd2 34.Rb7 Ra6 35.Ra3
Rg6 36.Nxf7 Rg4 37.e6 Nc4 38.Ra8+ Kh7 39.b3 1-0

[Event "13. Golden Prague Open"]
[Site "Praha"]
[Date "2017.07.01"]
[Round "1.4"]
[White "Novy, Filip"]
[Black "Stojkovic, Andreja"]
[Result "1-0"]
[WhiteElo "2148"]
[BlackElo "1933"]
[Annotator ""]
[Source ""]
[Remark ""]

1.e4 c5 2.Nf3 Nf6 3.Nc3 Nc6 4.d4 d5 5.exd5 Nxd5 6.Nxd5 Qxd5 7.Be3
cxd4 8.Nxd4 a6 9.Nb3 Nb4 10.Qxd5 Nxd5 11.Bd2 e5 12.Bd3 Be7 13.O-O
O-O 14.Rfe1 Bd6 15.c4 Nf6 16.Bc3 Re8 17.Rad1 Bc7 18.h3 Bd7 19.Re3
Bc6 20.Rde1 Rad8 21.Bc2 Nd7 22.Na5 Bb6 23.Nxc6 bxc6 24.Rd3 f6
25.Rd6 Nb8 26.Red1 Bc7 27.Rxd8 Rxd8 28.Rxd8+ Bxd8 29.c5 g6 30.g4
Bc7 31.Kg2 Kf7 32.Kf3 Ke7 33.b4 Kf7 34.Ke4 Kg7 35.Bd2 Kf7 36.a4
Kg7 37.a5 Nd7 38.Bd3 Nb8 39.Bc4 h6 40.Be6 Kh7 41.h4 Kg7 42.h5
g5 43.Kf5 Bd8 44.Bc8 Kf7 45.Bc3 Be7 46.Be6+ Kg7 47.Bc4 Bd8 48.Ke6
Kf8 49.Kd6 Ke8 50.Bd3 Kf7 51.Be4 Ke8 52.Bxc6+ Nxc6 53.Kxc6 Ke7
54.Kb7 Ke6 55.Kxa6 f5 56.Kb7 fxg4 57.a6 1-0

[Event "13. Golden Prague Open"]
[Site "Praha"]
[Date "2017.07.01"]
[Round "1.5"]
[White "Fiser, Jiri"]
[Black "Rosenbaum, Vit"]
[Result "0-1"]
[WhiteElo "1897"]
[BlackElo "2124"]
[Annotator ""]
[Source ""]
[Remark ""]

1.e4 e6 2.d4 d5 3.Nd2 Nf6 4.e5 Nfd7 5.f4 c5 6.Ngf3 Nc6 7.Nb3
Be7 8.Be2 f6 9.c3 Qb6 10.exf6 Nxf6 11.dxc5 Bxc5 12.Nxc5 Qxc5
13.Nd4 Nxd4 14.Qxd4 Qxd4 15.cxd4 Bd7 16.O-O Rc8 17.Bd3 a6 18.Be3
Bb5 19.Bxb5+ axb5 20.Rfc1 Kd7 21.Rxc8 Rxc8 22.Rc1 Ra8 23.a3 Ne4
24.g4 g6 25.Kf1 Ra4 26.Ke2 b4 27.axb4 Rxb4 28.Rc2 Rb3 29.Kf3
Nd6 30.Ke2 Nc4 31.Bc1 Rh3 32.Ke1 Rd3 33.Ke2 Rxd4 34.b3 Na5 35.Rb2
Rb4 0-1

[Event "13. Golden Prague Open"]
[Site "Praha"]
[Date "2017.07.01"]
[Round "1.6"]
[White "Krivanek, Vladimir"]
[Black "Maly, Filip"]
[Result "1-0"]
[WhiteElo "2095"]
[BlackElo "1915"]
[Annotator ""]
[Source ""]
[Remark ""]

1.d4 Nf6 2.Nf3 g6 3.c4 Bg7 4.Nc3 O-O 5.Bg5 d6 6.e4 c6 7.Be2 Qc7
8.Qd2 Re8 9.Bh6 Bh8 10.h4 e5 11.dxe5 dxe5 12.O-O-O Na6 13.Ng5
Bg4 14.f3 Rad8 15.Qe3 Rxd1+ 16.Bxd1 Be6 17.Nxe6 fxe6 18.Qxa7
Nh5 19.Bc2 Nf4 20.g3 Nh5 21.Ne2 c5 22.Rd1 Qc6 23.Nc3 Qc7 24.Ba4
Rd8 25.Rxd8+ Qxd8 26.Qxb7 Nb4 27.Bd7 Kf7 28.Nb5 Qe7 29.a3 Nd3+
30.Kd2 Nxb2 31.Bxe6+ 1-0

[Event "13. Golden Prague Open"]
[Site "Praha"]
[Date "2017.07.01"]
[Round "1.7"]
[White "Vit, Zdenek"]
[Black "Sura, Jaroslav"]
[Result "0-1"]
[WhiteElo "1889"]
[BlackElo "2055"]
[Annotator ""]
[Source ""]
[Remark ""]

1.e4 e5 2.Nf3 Nc6 3.Bc4 Nf6 4.d3 Bc5 5.c3 d6 6.h3 a6 7.a4 Ba7
8.O-O O-O 9.Re1 Re8 10.Nbd2 Nh5 11.Nf1 Qf6 12.Be3 Nf4 13.Kh2
g5 14.Bxa7 Rxa7 15.Ne3 Qh6 16.Ng1 Nd8 17.Ng4 Qg6 18.g3 h5 19.gxf4
exf4 20.Nf6+ Qxf6 21.Qxh5 Kg7 22.Qe2 g4 23.hxg4 Qh4+ 24.Kg2 Rh8
25.f3 Qg3+ 26.Kf1 Rh2 0-1

[Event "13. Golden Prague Open"]
[Site "Praha"]
[Date "2017.07.01"]
[Round "1.8"]
[White "Hurtak, Otto"]
[Black "Martirosyan, Ara"]
[Result "1-0"]
[WhiteElo "2050"]
[BlackElo "1807"]
[Annotator ""]
[Source ""]
[Remark ""]

1.d4 Nf6 2.c4 g6 3.Nc3 d5 4.cxd5 Nxd5 5.e4 Nxc3 6.bxc3 Bg7 7.Nf3
c5 8.Be2 Nc6 9.Be3 O-O 10.Rc1 Qa5 11.Qd2 Rd8 12.d5 Bg4 13.O-O
e6 14.Rfd1 f5 15.Qb2 Bxf3 16.gxf3 exd5 17.Qxb7 Qxa2 18.Bd3 Ne5
19.Ra1 Qxa1 20.Rxa1 Nxd3 21.Bg5 Rab8 22.Qc6 Rb6 23.Qc7 Ra8 24.Qd7
h6 25.Qxd5+ Kh7 26.Qxa8 hxg5 27.Qxa7 Rb2 28.exf5 Nxf2 29.f6 Nh3+
30.Kf1 1-0

[Event "13. Golden Prague Open"]
[Site "Praha"]
[Date "2017.07.01"]
[Round "1.9"]
[White "Volf, Michal"]
[Black "Steiner, Juraj"]
[Result "1-0"]
[WhiteElo "1826"]
[BlackElo "2048"]
[Annotator ""]
[Source ""]
[Remark ""]

1.e4 c5 2.Nf3 e6 3.d4 cxd4 4.Nxd4 a6 5.g3 b6 6.Bg2 Bb7 7.O-O
d6 8.Re1 Nd7 9.Nc3 Ngf6 10.Nb3 Be7 11.e5 Bxg2 12.exf6 Bxf6 13.Kxg2
Bxc3 14.bxc3 Qc7 15.Ba3 Qc6+ 16.Qf3 Qxf3+ 17.Kxf3 Ne5+ 18.Kg2
Nc4 19.Bc1 O-O 20.Nd2 Na5 21.Ba3 Rfd8 22.Bb4 Nb7 23.Nc4 a5 24.Ba3
Rac8 25.Ne3 Rxc3 26.Bb2 Rc6 27.Rab1 b5 28.Ba1 b4 29.a3 Nc5 30.axb4
axb4 31.Rxb4 f6 32.Reb1 e5 33.Rb8 Rxb8 34.Rxb8+ Kf7 35.Bb2 Ne6
36.Ba3 Nd4 37.Rb7+ Kg6 38.Bb4 f5 39.c3 Ne6 40.Nd5 Nc5 41.Ra7
Kh6 42.Ne7 1-0

[Event "13. Golden Prague Open"]
[Site "Praha"]
[Date "2017.07.01"]
[Round "1.10"]
[White "Janacek, Jaroslav"]
[Black "Pokorny, Jan"]
[Result "0-1"]
[WhiteElo "2012"]
[BlackElo "1835"]
[Annotator ""]
[Source ""]
[Remark ""]

1.Nf3 c5 2.c4 g6 3.g3 Bg7 4.Bg2 Nc6 5.O-O d6 6.Re1 Nf6 7.Nc3
O-O 8.e4 Bg4 9.h3 Bxf3 10.Bxf3 Nd7 11.d3 Nde5 12.Bg2 Nb4 13.Bf1
f5 14.f4 Nec6 15.a3 Na6 16.Bd2 Nd4 17.Rb1 Nc7 18.b4 b6 19.Bg2
Rb8 20.b5 e5 21.Qc1 exf4 22.Bxf4 Nde6 23.Bh6 f4 24.Bxg7 Kxg7
25.gxf4 Nxf4 26.Nd5 Ncxd5 27.exd5 Qg5 28.Qc3+ Kg8 29.Rb2 Nxh3+
30.Kh2 Nf4 31.Re6 Nxe6 32.dxe6 Rf4 33.Qe1 Re8 34.Re2 Re7 35.a4
Kg7 36.Re3 Qh4+ 37.Qxh4 Rxh4+ 38.Kg3 Rh5 39.Bd5 Kf6 40.Re2 Rf5
41.a5 bxa5 42.Ra2 Ke5 43.Rxa5 Kd4 44.Kg4 Rxd5 45.cxd5 Kxd5 46.Kg3
Kxe6 47.Kh3 d5 48.Ra4 Rb7 0-1

[Event "13. Golden Prague Open"]
[Site "Praha"]
[Date "2017.07.01"]
[Round "1.12"]
[White "Konvalinka, Vladislav"]
[Black "Nemecek, Pavel"]
[Result "1/2-1/2"]
[WhiteElo "1761"]
[BlackElo "1798"]
[Annotator ""]
[Source ""]
[Remark ""]

1.d4 Nf6 2.c4 g6 3.Nc3 Bg7 4.Nf3 d6 5.Bg5 O-O 6.e3 Nbd7 7.Be2
c6 8.O-O Qa5 9.d5 c5 10.h3 a6 11.Qc2 Ne5 12.Nxe5 dxe5 13.e4 Qc7
14.Rfd1 Ne8 15.a3 f6 16.Be3 f5 17.exf5 gxf5 18.f3 Nd6 19.b4 cxb4
20.axb4 e4 21.c5 exf3 22.Bxf3 Nc4 23.Bf2 Qf4 24.Ne2 Qg5 25.Qxc4
f4 26.d6+ Kh8 27.d7 Bxd7 28.Rxd7 Bxa1 29.Bd4+ Bxd4+ 30.Qxd4+
e5 31.Qd3 Qh4 32.Be4 Rad8 33.Rd6 1/2-1/2

[Event "13. Golden Prague Open"]
[Site "Praha"]
[Date "2017.07.01"]
[Round "1.13"]
[White "Rosenbaumova, Lea"]
[Black "Lajsek, Tomas"]
[Result "1-0"]
[WhiteElo "1559"]
[BlackElo "1760"]
[Annotator ""]
[Source ""]
[Remark ""]

1.e4 e5 2.Nf3 Nf6 3.Nc3 Nc6 4.d4 exd4 5.Nxd4 d6 6.Bb5 Bd7 7.O-O
Nxd4 8.Qxd4 Bxb5 9.Nxb5 a6 10.Nc3 Be7 11.Bf4 O-O 12.Rad1 Nh5
13.e5 Nxf4 14.Qxf4 Qe8 15.Rfe1 dxe5 16.Rxe5 Rd8 17.Nd5 Bd6 18.Rxe8
Rfxe8 19.Qg4 Re6 20.g3 Rde8 21.Kg2 h6 22.Qc4 c6 23.Nf4 Rf6 24.Nd3
Rfe6 25.Nc5 Bxc5 26.Qxc5 Re5 27.Qc3 R8e7 28.Rd3 Rb5 29.a4 Rbe5
30.Re3 1-0

[Event "13. Golden Prague Open"]
[Site "Praha"]
[Date "2017.07.01"]
[Round "1.14"]
[White "Vitek, Jan"]
[Black "Plate, Marion Helga"]
[Result "1-0"]
[WhiteElo "1704"]
[BlackElo "1564"]
[Annotator ""]
[Source ""]
[Remark ""]

1.d4 Nf6 2.e3 d5 3.Bd3 c5 4.c3 e6 5.Nd2 cxd4 6.exd4 Be7 7.f4
O-O 8.Ngf3 Nh5 9.g3 g6 10.Ne5 f6 11.Nxg6 hxg6 12.Bxg6 Ng7 13.Qg4
f5 14.Qh3 Bh4 15.gxh4 Rf6 16.Rg1 Nc6 17.Qg3 Kf8 18.Nf3 Ne7 19.Ne5
Qc7 20.Bf7 Ne8 21.Bxe8 Kxe8 22.Qg7 Rf8 23.Qh7 Qd6 24.Rg7 b5 25.Qh5+
Kd8 26.Nf7+ Rxf7 27.Rxf7 Bd7 28.Rf8+ 1-0

[Event "13. Golden Prague Open"]
[Site "Praha"]
[Date "2017.07.01"]
[Round "1.15"]
[White "Martirosyan, Artyom"]
[Black "Novotny, Josef"]
[Result "1-0"]
[WhiteElo "1082"]
[BlackElo "1738"]
[Annotator ""]
[Source ""]
[Remark ""]

1.e4 c5 2.Nf3 e6 3.Nc3 d5 4.exd5 exd5 5.d4 Nc6 6.Bf4 a6 7.dxc5
d4 8.Ne4 Bxc5 9.Nxc5 Qa5+ 10.Qd2 Qxc5 11.O-O-O Be6 12.Kb1 Rc8
13.Bd3 Nge7 14.Rhe1 O-O 15.Nxd4 Nxd4 16.Re5 Qc6 17.Be4 Qc4 18.b3
Nxb3 19.axb3 Qc3 20.Qxc3 Rxc3 21.Kb2 Rcc8 22.Bxb7 Rc7 23.Bxa6
Ng6 24.Rxe6 Nxf4 25.Re4 Ne6 26.Bc4 Nc5 27.Red4 g6 28.f3 Kg7 29.Rd8
Na4+ 30.bxa4 Rxc4 31.Rxf8 Kxf8 32.Kb3 Rc7 33.Rd5 1-0

[Event "13. Golden Prague Open"]
[Site "Praha"]
[Date "2017.07.01"]
[Round "1.16"]
[White "Cabart, Pavel"]
[Black "Zednik, Petr"]
[Result "0-1"]
[WhiteElo "1712"]
[BlackElo "1533"]
[Annotator ""]
[Source ""]
[Remark ""]

1.e4 e5 2.Nf3 Nc6 3.d4 exd4 4.Nxd4 Bc5 5.Nb3 Bb6 6.Nc3 Nf6 7.Qe2
d6 8.Be3 O-O 9.O-O-O Re8 10.f3 Bd7 11.Bg5 Qe7 12.Nd5 Qe5 13.Bxf6
gxf6 14.Qd2 Ne7 15.Qh6 Nxd5 16.Rxd5 Be3+ 17.Qxe3 Qxd5 18.Qc3
Qg5+ 19.Kb1 Rac8 20.g4 Qe5 21.Qd2 c6 22.Bd3 b6 23.f4 Qe7 24.Nd4
Kh8 25.Rg1 c5 26.Nf5 Bxf5 27.gxf5 c4 28.Bf1 Qxe4 29.Bg2 Qxf5
30.Bd5 Rg8 31.Re1 Qg6 32.f5 Qg5 33.Qd4 Qxf5 34.Bxc4 Rce8 35.Rd1
Rg4 36.Qc3 Rf4 37.a3 Qe5 38.Qb3 Rc8 39.Bxf7 Qe2 40.Rxd6 Rf1+
41.Ka2 Qxh2 42.Qe6 Qxc2 43.Qe7 Qb1+ 44.Kb3 Rf3+ 45.Ka4 Qc2+ 46.b3
Rf4+ 47.Kb5 a6+ 48.Kxa6 Ra8+ 49.Kxb6 Qf2+ 50.Kc6 Qc2+ 51.Kb5
Rb8+ 52.Ka6 Ra4+ 0-1

[Event "13. Golden Prague Open"]
[Site "Praha"]
[Date "2017.07.01"]
[Round "1.17"]
[White "Nemecek, Pavel ml."]
[Black "Kuhnmund, Ivan"]
[Result "0-1"]
[WhiteElo "1363"]
[BlackElo "1644"]
[Annotator ""]
[Source ""]
[Remark ""]

1.e4 c5 2.Nf3 a6 3.d4 cxd4 4.Nxd4 Qc7 5.Nc3 e6 6.Be3 Bb4 7.Qd2
Nf6 8.Bd3 O-O 9.Nb3 d5 10.f3 Rd8 11.O-O-O dxe4 12.fxe4 Nxe4 13.Qe2
Nxc3 14.bxc3 Bxc3 15.Qf2 Nd7 16.Qh4 g6 17.Rhf1 f5 18.Bc4 Nf6
19.Bg5 Rxd1+ 20.Rxd1 Qe7 21.Kb1 Qa3 22.Rd8+ Kf7 23.Bc1 Qe7 24.Bxe6+
Qxe6 25.Ba3 Qe1+ 26.Qxe1 Bxe1 27.Rf8+ Kg7 28.Nd4 Ne4 29.Ne6+
Kh6 30.Bb2 Bc3 31.Bc1+ Nd2+ 32.Bxd2+ Bxd2 33.h3 Bb4 34.Rh8 Bc3
35.Rg8 b5 36.a3 Bb7 37.Rxa8 Bxa8 0-1

[Event "13. Golden Prague Open"]
[Site "Praha"]
[Date "2017.07.01"]
[Round "1.18"]
[White "Kronowetter, Borivoj"]
[Black "Rezek, Filip"]
[Result "1-0"]
[WhiteElo "1671"]
[BlackElo "1199"]
[Annotator ""]
[Source ""]
[Remark ""]

1.e4 c6 2.Nc3 d5 3.Nf3 dxe4 4.Nxe4 Bf5 5.Ng3 Bg6 6.h4 h6 7.Ne5
Bh7 8.Qh5 g6 9.Bc4 e6 10.Qe2 Bg7 11.Nxf7 Qe7 12.Nxh8 Bxh8 13.Qxe6
Nd7 14.d3 Qxe6+ 15.Bxe6 O-O-O 16.O-O Re8 17.Bf7 Re7 18.Ne4 Be5
19.f4 Bd4+ 20.Kh1 Kc7 21.Bb3 Ngf6 22.c3 Nxe4 23.dxe4 Bb6 24.f5
Rxe4 25.Bf4+ Kc8 26.Rae1 Rxe1 27.Rxe1 gxf5 28.Re7 Nf6 29.Rf7
Bd8 30.Be6+ 1-0

[Event "13. Golden Prague Open"]
[Site "Praha"]
[Date "2017.07.01"]
[Round "1.19"]
[White "Bartos, Vaclav"]
[Black "Nemecek, Lukas"]
[Result "0-1"]
[WhiteElo "1371"]
[BlackElo "1641"]
[Annotator ""]
[Source ""]
[Remark ""]

1.d4 d5 2.c4 dxc4 3.e3 Nf6 4.Bxc4 e6 5.Nc3 a6 6.Nf3 b5 7.Bd3
Bb7 8.O-O Be7 9.Ne5 Nbd7 10.f4 O-O 11.Bd2 c5 12.dxc5 Nxc5 13.Bc2
Qb6 14.Qe2 Rfd8 15.Be1 Nce4 16.Nxe4 Nxe4 17.Qf3 Nf6 18.Qh3 Bc5
19.Bf2 Rd2 20.Rac1 Rad8 21.Rfe1 h6 22.a3 a5 23.Red1 Be4 24.Rxd2
Rxd2 0-1

[Event "13. Golden Prague Open"]
[Site "Praha"]
[Date "2017.07.01"]
[Round "1.20"]
[White "Drahoradova, Zuzana"]
[Black "Bara, Josef"]
[Result "1-0"]
[WhiteElo "1658"]
[BlackElo "1380"]
[Annotator ""]
[Source ""]
[Remark ""]

1.e4 e6 2.d4 d5 3.e5 c5 4.c3 Nc6 5.Nf3 Qb6 6.Bd3 Bd7 7.Bc2 Nge7
8.O-O Ng6 9.a4 Na5 10.Nbd2 Be7 11.Re1 O-O-O 12.Rb1 Kb8 13.Nf1
f5 14.Qe2 Rc8 15.dxc5 Qc7 16.b4 Nc6 17.a5 Nf8 18.Bd2 h6 19.Ra1
a6 20.Reb1 g5 21.b5 Nxa5 22.c6 Nxc6 23.bxc6 Bxc6 24.Qxa6 1-0

[Event "13. Golden Prague Open"]
[Site "Praha"]
[Date "2017.07.01"]
[Round "1.21"]
[White "Zubek, Rudolf"]
[Black "Veselsky, Jan"]
[Result "0-1"]
[WhiteElo "1349"]
[BlackElo "1672"]
[Annotator ""]
[Source ""]
[Remark ""]

1.e4 d6 2.Nf3 e5 3.d4 Nd7 4.Bc4 Be7 5.O-O Ngf6 6.Ng5 O-O 7.Nf3
Nb6 8.Qd3 Nxc4 9.Qxc4 Nd7 10.Be3 Re8 11.Nc3 Nb6 12.Qe2 Bg4 13.h3
Bxf3 14.Qxf3 c6 15.Rad1 Qc7 16.Qg3 Rad8 17.Bh6 Bf6 18.Bg5 Qe7
19.h4 exd4 20.Ne2 Bxg5 21.hxg5 c5 22.f3 Nc4 23.b3 Ne3 24.Nf4
Nxf1 25.Kxf1 Qe5 26.Kf2 f6 27.g6 Qg5 28.gxh7+ Kxh7 29.Qh2+ Qh6
30.Nh5 Qe3+ 31.Kg3 Qg5+ 32.Kf2 Kg8 33.Rh1 Kf7 34.f4 Qg6 35.f5
Qg5 36.Nxf6 Qxf6 37.Qh5+ Ke7 38.e5 dxe5 39.Qg6 Qxg6 40.fxg6 Rf8+
41.Kg3 Rf6 42.Kg4 Rxg6+ 43.Kf5 Rxg2 44.Kxe5 Rxc2 45.Re1 b6 46.Kf5+
Kf7 47.Rf1 Rxa2 48.Kg5+ Kg8 0-1

[Event "13. Golden Prague Open"]
[Site "Praha"]
[Date "2017.07.01"]
[Round "1.22"]
[White "Krobot, Jan"]
[Black "Day, Tobias"]
[Result "1-0"]
[WhiteElo "1705"]
[BlackElo "1187"]
[Annotator ""]
[Source ""]
[Remark ""]

1.d4 d5 2.Bf4 e6 3.e3 f5 4.Qh5+ g6 5.Qd1 Bg7 6.Nf3 Nd7 7.Nbd2
Ngf6 8.Be2 O-O 9.Ng5 Nb6 10.h4 Ne4 11.Ndxe4 fxe4 12.Qd2 Qe7 13.O-O-O
c5 14.h5 cxd4 15.hxg6 hxg6 16.exd4 e5 17.dxe5 Bxe5 18.Bxe5 Qxe5
19.Rh6 Bf5 20.g4 e3 21.Qxe3 Qxe3+ 22.fxe3 Be4 23.Nxe4 dxe4 24.Rd6
Rf2 25.Rhxg6+ Kf7 26.Kd1 Na4 27.Bc4+ Kf8 28.Rg8+ Ke7 29.Re6+
Kd7 30.Rg7+ Kd8 31.Rg8+ Kc7 32.Rxa8 Nxb2+ 33.Ke1 Rxc2 34.Be2
Nd3+ 35.Bxd3 exd3 36.g5 Re2+ 37.Kd1 Rg2 38.g6 Rxa2 39.g7 Ra1+
40.Kd2 Ra2+ 41.Kxd3 Ra3+ 42.Ke4 Ra4+ 43.Kf3 Rh4 44.g8Q Rh3+ 45.Kg4
Rg3+ 46.Kxg3 Kd7 47.Qf7# 1-0

[Event "13. Golden Prague Open"]
[Site "Praha"]
[Date "2017.07.01"]
[Round "1.23"]
[White "Scipione, Andrea"]
[Black "Mach, Petr"]
[Result "0-1"]
[WhiteElo "1312"]
[BlackElo "1609"]
[Annotator ""]
[Source ""]
[Remark ""]

1.d4 Nf6 2.c4 c5 3.e3 cxd4 4.exd4 Nc6 5.Nf3 d5 6.c5 g6 7.Bf4
Bg7 8.Bd3 O-O 9.O-O Nh5 10.Be5 f6 11.Bg3 Nxg3 12.fxg3 Be6 13.Nbd2
Bf7 14.Rb1 e5 15.dxe5 fxe5 16.Bc2 e4 17.Ne1 Bd4+ 18.Kh1 Bxc5
19.Nb3 Bb6 20.Rc1 Qe7 21.Bb1 d4 22.Rf4 d3 23.Nxd3 exd3 24.Qxd3
Rad8 25.Qf3 Qe3 26.Re4 Qxf3 27.gxf3 Bd5 28.Ree1 Bxf3# 0-1

[Event "13. Golden Prague Open"]
[Site "Praha"]
[Date "2017.07.01"]
[Round "1.24"]
[White "Husa, Daniel"]
[Black "Rous, Dominik"]
[Result "1-0"]
[WhiteElo "1602"]
[BlackElo "1148"]
[Annotator ""]
[Source ""]
[Remark ""]

1.Nf3 Nc6 2.g3 e5 3.d3 Nf6 4.Nbd2 Bc5 5.Bg2 d6 6.O-O O-O 7.Nb3
Bg4 8.Nxc5 dxc5 9.h3 Bxf3 10.Bxf3 Qd7 11.Bg2 Rad8 12.Be3 Rfe8
13.Bxc5 Qe6 14.Ba3 e4 15.Re1 Nd4 16.c3 Nb5 17.d4 Nxa3 18.bxa3
e3 19.f3 Qd6 20.f4 Ne4 21.Bxe4 Rxe4 22.Qb3 b6 23.Rf1 Qh6 24.Kh2
Qh5 25.Qc2 Re6 26.Rf3 Qg6 27.f5 1-0

[Event "13. Golden Prague Open"]
[Site "Praha"]
[Date "2017.07.01"]
[Round "1.25"]
[White "Vavrova, Jirina"]
[Black "Bartosova, Hana"]
[Result "0-1"]
[WhiteElo "1022"]
[BlackElo "1541"]
[Annotator ""]
[Source ""]
[Remark ""]

1.e4 e6 2.e5 d5 3.d4 c5 4.Nf3 Nc6 5.a3 Bd7 6.Bb5 Qa5+ 7.Nc3 cxd4
8.Nxd4 Nxe5 9.O-O Nf6 10.Bxd7+ Nfxd7 11.Bd2 Qd8 12.Re1 a6 13.a4
Bd6 14.Bf4 Qh4 15.g3 Qh3 16.Nf3 Nxf3+ 17.Qxf3 Bxf4 18.Qxf4 Rc8
19.Rac1 O-O 20.Re3 Nf6 21.g4 Qxg4+ 22.Qg3 Qxg3+ 23.Rxg3 Rc4 24.b3
Rc5 25.b4 Rc4 26.b5 Rfc8 27.Nb1 Rxa4 28.Nc3 Rac4 29.bxa6 bxa6
30.Ra1 Rxc3 31.Rxc3 Rxc3 32.Rxa6 h6 33.Ra2 Ng4 34.h3 Rxh3 35.Kg2
Rc3 36.f3 Ne5 37.f4 Nc4 38.Ra8+ Kh7 39.Rc8 Ne3+ 40.Kf3 Rxc8 41.Kxe3
Rxc2 42.Kd4 h5 43.Ke5 h4 44.f5 exf5 45.Kxf5 h3 0-1

[Event "13. Golden Prague Open"]
[Site "Praha"]
[Date "2017.07.02"]
[Round "2.1"]
[White "Anaskin, Arsenij"]
[Black "Frost, Peter"]
[Result "1-0"]
[WhiteElo "2216"]
[BlackElo "1934"]
[Annotator ""]
[Source ""]
[Remark ""]

1.e4 e6 2.d4 d5 3.Nd2 Nc6 4.Ngf3 Nf6 5.e5 Nd7 6.Be2 f6 7.exf6
Qxf6 8.Nf1 Bd6 9.Ng3 O-O 10.O-O Kh8 11.c3 Ne7 12.Bd3 Ng6 13.Ng5
Nf4 14.Nxh7 Qh4 15.Nxf8 Nxf8 16.Bxf4 Bxf4 17.Qh5+ Qxh5 18.Nxh5
Bd6 19.f4 g6 20.Nf6 Be7 21.Ng4 Kg7 22.Ne5 a6 23.Rf3 1-0

[Event "13. Golden Prague Open"]
[Site "Praha"]
[Date "2017.07.02"]
[Round "2.2"]
[White "Sura, Jaroslav"]
[Black "Haba, Zdenek"]
[Result "0-1"]
[WhiteElo "2059"]
[BlackElo "2177"]
[Annotator ""]
[Source ""]
[Remark ""]

1.e4 c5 2.Nf3 e6 3.d4 cxd4 4.Nxd4 a6 5.Bd3 Ne7 6.c4 Nec6 7.Nxc6
Nxc6 8.O-O Be7 9.f4 b5 10.cxb5 axb5 11.Nc3 b4 12.Ne2 Qb6+ 13.Kh1
d6 14.Rf3 Ba6 15.Be3 Qb7 16.Bc2 O-O 17.Nd4 Rfc8 18.e5 g6 19.exd6
Nxd4 20.Bxd4 Bxd6 21.Rh3 Qd5 22.Bb3 Qe4 23.Qg1 Bxf4 24.Bf6 Bb7
25.Rf3 Qxf3 0-1

[Event "13. Golden Prague Open"]
[Site "Praha"]
[Date "2017.07.02"]
[Round "2.3"]
[White "Pokorny, Jan"]
[Black "Novy, Filip"]
[Result "0-1"]
[WhiteElo "1835"]
[BlackElo "2148"]
[Annotator ""]
[Source ""]
[Remark ""]

1.c4 Nf6 2.Nc3 e6 3.g3 c5 4.Bg2 Nc6 5.Nf3 Be7 6.O-O O-O 7.d3
a6 8.a3 Rb8 9.d4 d5 10.Bf4 Ra8 11.cxd5 Nxd5 12.Nxd5 exd5 13.dxc5
Bxc5 14.Rc1 Bb6 15.Ng5 h6 16.Nf3 Be6 17.Ne5 Rc8 18.Nxc6 bxc6
19.Qa4 Bf5 20.e4 dxe4 21.Bxe4 Bxe4 22.Qxe4 Re8 23.Qf3 Qf6 24.Qb3
Bd4 25.Rc2 c5 26.Be3 Qf3 27.Qc4 Rxe3 28.fxe3 Bxe3+ 29.Rcf2 Rd8
30.Qc2 h5 31.Re1 Bd4 32.Qe2 Qf5 33.Kg2 Qxf2+ 34.Qxf2 Bxf2 35.Kxf2
Rd2+ 36.Re2 Rxe2+ 37.Kxe2 Kf8 38.Kf3 Ke7 39.Kf4 Kf6 40.h4 Ke6
41.Kg5 Kd5 0-1

[Event "13. Golden Prague Open"]
[Site "Praha"]
[Date "2017.07.02"]
[Round "2.4"]
[White "Rosenbaum, Vit"]
[Black "Volf, Michal"]
[Result "1/2-1/2"]
[WhiteElo "2124"]
[BlackElo "1826"]
[Annotator ""]
[Source ""]
[Remark ""]

1.d4 d5 2.c4 c6 3.Nf3 Nf6 4.e3 Bf5 5.Qb3 Qb6 6.c5 Qc7 7.Bd2 Nbd7
8.Bc3 e6 9.Nbd2 Be7 10.Be2 h6 11.Qd1 O-O 12.b4 Ne4 13.Nxe4 dxe4
14.Nd2 Nf6 15.Nc4 Nd5 16.Qb3 Rfb8 17.O-O b6 18.cxb6 axb6 19.Rfc1
c5 20.dxc5 Nxc3 21.Rxc3 bxc5 22.Nb2 Bd6 23.Rac1 Bxh2+ 24.Kh1
Bd6 25.b5 Qe7 26.g3 Qg5 27.Kg2 Bg4 28.Bxg4 Qxg4 29.Nc4 Qf3+ 30.Kg1
Bxg3 31.fxg3 Qxg3+ 32.Kf1 1/2-1/2

[Event "13. Golden Prague Open"]
[Site "Praha"]
[Date "2017.07.02"]
[Round "2.5"]
[White "Forman, Miroslav"]
[Black "Krivanek, Vladimir"]
[Result "0-1"]
[WhiteElo "1805"]
[BlackElo "2095"]
[Annotator ""]
[Source ""]
[Remark ""]

1.e3 d5 2.Ne2 e5 3.d4 e4 4.c4 c6 5.Nbc3 Bb4 6.Bd2 Na6 7.Qa4 Bd7
8.c5 Bxc5 9.Ng3 Bd6 10.Bxa6 bxa6 11.Qxa6 Nf6 12.O-O O-O 13.f3
exf3 14.Rxf3 Bg4 15.Raf1 Bxf3 16.Rxf3 Qb6 17.Qd3 Qxb2 18.Rxf6
Bxg3 19.Rf1 Bc7 20.e4 dxe4 21.Nxe4 Qxa2 22.Ng5 f5 23.Qh3 h6 24.Nf3
Rf6 25.Bc3 Qd5 26.Ne5 c5 0-1

[Event "13. Golden Prague Open"]
[Site "Praha"]
[Date "2017.07.02"]
[Round "2.6"]
[White "Nemecek, Pavel"]
[Black "Plasek, Zdenek"]
[Result "0-1"]
[WhiteElo "1798"]
[BlackElo "2002"]
[Annotator ""]
[Source ""]
[Remark ""]

1.e4 c5 2.Nc3 a6 3.g3 b5 4.Bg2 Bb7 5.d3 e6 6.f4 d5 7.Nf3 b4 8.Nb1
dxe4 9.Ng5 Nf6 10.Nd2 Nbd7 11.Ndxe4 Qc7 12.Qe2 Be7 13.Nxf7 Nxe4
14.Nxh8 Nd6 15.Bxb7 Qxb7 16.O-O Qd5 17.f5 Nxf5 18.Qh5+ Kd8 19.Qxh7
Bf6 20.Ng6 Bd4+ 21.Rf2 Qf3 22.Bg5+ Kc7 23.Raf1 Kb6 24.Nh4 Nxh4
25.Qxh4 Rf8 26.g4 Ne5 27.c3 bxc3 28.bxc3 Bxf2+ 29.Rxf2 Qd1+ 30.Kg2
Rxf2+ 31.Qxf2 Qxg4+ 32.Qg3 Qxg3+ 33.Kxg3 Nxd3 34.Kf3 Kc6 35.h4
Kd5 36.h5 Ke5 37.Kg4 Nf2+ 38.Kf3 Ne4 39.Be7 Nxc3 40.Bxc5 Nxa2
41.Ba3 Kf5 42.Bf8 Kf6 43.h6 gxh6 44.Bxh6 Nb4 45.Bd2 Nc6 46.Ke4
Ke7 47.Bc1 Kd7 48.Kd3 Nd8 49.Bg5 Nf7 50.Bf6 Kc6 51.Kc4 Nd6+ 52.Kd4
Nb5+ 53.Ke5 Kd7 54.Bg7 a5 55.Bf8 a4 0-1

[Event "13. Golden Prague Open"]
[Site "Praha"]
[Date "2017.07.02"]
[Round "2.7"]
[White "Pokorny, Jiri"]
[Black "Barton, Milan"]
[Result "1-0"]
[WhiteElo "1905"]
[BlackElo "1823"]
[Annotator ""]
[Source ""]
[Remark ""]

1.e4 d5 2.exd5 Qxd5 3.d4 e6 4.c4 Qd8 5.Nf3 Nf6 6.Nc3 Be7 7.Bd3
O-O 8.O-O Re8 9.Re1 b6 10.Bf4 Bd6 11.Bg5 h6 12.Bh4 Bb7 13.Rc1
Nbd7 14.Rc2 g5 15.Bg3 Bxg3 16.fxg3 Kg7 17.h4 g4 18.Ne5 h5 19.Rf2
Nf8 20.Qd2 Qxd4 21.Qg5+ Ng6 22.Qxf6+ 1-0

[Event "13. Golden Prague Open"]
[Site "Praha"]
[Date "2017.07.02"]
[Round "2.8"]
[White "Steiner, Juraj"]
[Black "Fiser, Jiri"]
[Result "0-1"]
[WhiteElo "2048"]
[BlackElo "1897"]
[Annotator ""]
[Source ""]
[Remark ""]

1.c4 e5 2.Nc3 Nc6 3.Nf3 g6 4.g3 Bg7 5.Bg2 f5 6.d3 Nf6 7.Bg5 h6
8.Bxf6 Bxf6 9.Qd2 d6 10.Nd5 Be6 11.O-O Bxd5 12.cxd5 Ne7 13.e4
Qd7 14.h4 O-O-O 15.Rfc1 Kb8 16.Rc4 Rc8 17.Rac1 g5 18.exf5 gxh4
19.Nxh4 Bxh4 20.gxh4 Nxf5 21.Bh3 Nxh4 22.Bxd7 Nf3+ 23.Kg2 Nxd2 0-1